header

Newspeak in the 21st century (Record no. 219799)

MARC details
000 -LEADER
fixed length control field 02554nam a2200445 a 4500
082 04 - DEWEY DECIMAL CLASSIFICATION NUMBER
Classification number 302.2309051
100 1# - MAIN ENTRY--AUTHOR NAME
Personal name Edwards, David,
245 10 - TITLE STATEMENT
Title Newspeak in the 21st century
260 ## - PUBLICATION, DISTRIBUTION, ETC. (IMPRINT)
Place of publication London ;
-- New York :
Name of publisher Pluto Press ;
Place of publication New York :
Name of publisher Distributed in the United States of America exclusively by Palgrave Macmillan,
Year of publication 2009.
300 ## - PHYSICAL DESCRIPTION
Number of Pages viii, 299 p.
505 0# - FORMATTED CONTENTS NOTE
Formatted contents note No conspiracy : solving the propaganda puzzle -- BBC balance : the magnificent fiction -- Back to back bias : an A-Z of BBC propaganda -- Climate chaos : keeping madness mainstream -- Plan A/Plan B: the Downing Street memo -- Mind your methodology : killing the 2004 Lancet report -- One million dead and counting : the 2006 Lancet report and beyond -- Bitter harvest : bombings in Britain, Spain and Iraq -- Israel and Palestine : an eye for an eyelash -- Real men go to Tehran : targeting Iran -- Iran in Iraq -- Venezuela : dousing the firebrand -- Liberal press gang : behind the scenes at the Independent and the Guardian -- Brilliant fools : snarls, smears and the dark art of Willy-waving -- Compassion, awareness and honest journalism.
650 #0 - SUBJECT ADDED ENTRY--TOPICAL TERM
Topical Term Journalism
Topical Term Journalism
Topical Term Mass media
Topical Term Mass media
Topical Term Journalistic ethics
Topical Term Press and politics
700 1# - ADDED ENTRY--PERSONAL NAME
Personal name Cromwell, David,
856 40 - ELECTRONIC LOCATION AND ACCESS
Uniform Resource Identifier http://site.ebrary.com/lib/rucke/Doc?id=10479824

No items available.

© 2026 Rongo University
Contact us: librarian | system librarian | Rongo university